|
|
|
|
| LEADER |
00000cam a22000004a 4500 |
| 001 |
musev2_45362 |
| 003 |
MdBmJHUP |
| 005 |
20230905044737.0 |
| 006 |
m o d |
| 007 |
cr||||||||nn|n |
| 008 |
130103s2013 ksu o 00 0 eng d |
| 020 |
|
|
|a 9780700623167
|
| 020 |
|
|
|z 9780700623518
|
| 035 |
|
|
|a (OCoLC)966803049
|
| 040 |
|
|
|a MdBmJHUP
|c MdBmJHUP
|
| 100 |
1 |
|
|a Pasley, Jeffrey L.,
|d 1964-
|
| 245 |
1 |
4 |
|a The First Presidential Contest :
|b 1796 and the Founding of American Democracy /
|c Jeffrey L. Pasley.
|
| 264 |
|
1 |
|a Lawrence, Kansas :
|b University Press of Kansas,
|c 2013.
|
| 264 |
|
3 |
|a Baltimore, Md. :
|b Project MUSE,
|c 2017
|
| 264 |
|
4 |
|c ©2013.
|
| 300 |
|
|
|a 1 online resource (528 pages):
|b illustrations.
|
| 336 |
|
|
|a text
|b txt
|2 rdacontent
|
| 337 |
|
|
|a computer
|b c
|2 rdamedia
|
| 338 |
|
|
|a online resource
|b cr
|2 rdacarrier
|
| 490 |
0 |
|
|a American presidential elections
|
| 505 |
0 |
|
|a Introduction : the unintentional campaign -- A new republic and its discontents -- Popular politics in a postcolonial nation -- The Jay Treaty crisis and the origins of the 1796 campaign -- From measures to "that man" : toward the presidential option for political change -- The long goodbye : finding candidates in the shadow of Washington -- The first culture war : themes and issues of the Federalist campaign against Thomas Jefferson -- His rotundity : themes and issues of the democratic-republican campaign against John Adams -- Taking the electoral college to school : how presidential electors helped create the national presidential election rather than preventing it -- The party racers : voting for president in 1796 -- Epilogue : kiss my ass and go to Hell.
|
| 588 |
|
|
|a Description based on print version record.
|
| 600 |
1 |
7 |
|a Jefferson, Thomas,
|d 1743-1826.
|2 fast
|0 (OCoLC)fst00040754
|
| 600 |
1 |
7 |
|a Adams, John,
|d 1735-1826.
|2 fast
|0 (OCoLC)fst00042531
|
| 600 |
1 |
0 |
|a Adams, John,
|d 1735-1826.
|
| 600 |
1 |
0 |
|a Jefferson, Thomas,
|d 1743-1826.
|
| 650 |
|
7 |
|a Presidents
|x Election.
|2 fast
|0 (OCoLC)fst01075747
|
| 650 |
|
7 |
|a Politics and government.
|2 fast
|0 (OCoLC)fst01919741
|
| 650 |
|
7 |
|a Democracy.
|2 fast
|0 (OCoLC)fst00890077
|
| 650 |
|
0 |
|a Presidents
|z United States
|x Election
|y 1796.
|
| 650 |
|
0 |
|a Democracy
|z United States
|x History
|y 18th century.
|
| 651 |
|
7 |
|a United States.
|2 fast
|0 (OCoLC)fst01204155
|
| 651 |
|
6 |
|a États-Unis
|x Politique et gouvernement
|y 1789-1809.
|
| 651 |
|
0 |
|a United States
|x Politics and government
|y 1789-1809.
|
| 655 |
|
7 |
|a History.
|2 fast
|0 (OCoLC)fst01411628
|
| 655 |
|
7 |
|a Electronic books.
|2 local
|
| 710 |
2 |
|
|a Project Muse.
|e distributor
|
| 830 |
|
0 |
|a Book collections on Project MUSE.
|
| 856 |
4 |
0 |
|z Texto completo
|u https://projectmuse.uam.elogim.com/book/45362/
|
| 945 |
|
|
|a Project MUSE - Custom Collection
|
| 945 |
|
|
|a Project MUSE - Archive Complete Supplement V
|
| 945 |
|
|
|a Project MUSE - Archive History Supplement V
|